Le Top 10 des favoris du Ballon d’Or 2025 - Statistiques

Statistiques générales
  • Ce quiz a été pris 268 fois
  • Le résultat moyen est 9 sur 10
Statistiques - réponses
Nom du joueur Pays/Équipe % Correct
2 Lamine Yamal Espagne/FC Barcelone
99%
1 Ousmane Dembélé France/PSG
99%
3 Achraf Hakimi Maroc/PSG
98%
8 Kylian Mbappé France/Real Madrid
98%
6 Mohamed Salah Egypte/Liverpool
95%
9 Gianluigi Donnarumma Italie/PSG puis Manchester City
89%
5 Vitinha Portugal/PSG
87%
10 Cole Palmer Angleterre/Chelsea
86%
7 Pedri Espagne/FC Barcelone
84%
4 Raphinha Brésil/FC Barcelone
84%
Aucun quiz correspondant
Distribution des résultats
% des personnes avec chaque résultat
Percentile par nombre de réponses
Votre historique - résultats
Vous n’avez pas pris ce quiz